01108cam a2200229 a 450000100100000000500170001000800410002702000150006804000250008308200180010810000240012624000760015024501480022626000460037430000210042049000280044153402460046965000490071565000520076470000340081683000280085000000256620200929150220.0800327s1983 ag b 001 f spa  a9500030640 aDO-SdBNPbspacBNPHU a813.009bK65e1 aKlinkowitz, Jerome.00aThe practice of fiction in America :witers from hawthome to the present10aEvolución de la narrativa norteamericana :bdesde Hawthorne hasta el presente /cJerome Klinkowitz ; traducción de Carlos Raúl Yujnovsky. aBuenos Aires :bEdiciones Marymar,c1983. a148 p. ;c23 cm.1 aFilosofía y Crítica aTítulo original: The practice of fiction in America: the practique of fiction in America: writers from Hawthorne to the presenttThe practice of fiction in America: the practique of fiction in America: writers from Hawthorne to the present 4aFicción de américaxHistoria y crítica 4aLiteratura norteamericanaxHistoria y crítica1 aYujnovsky, Carlos Raúletr. 0aFilosofía y Crítica